| 000 | 00366nam a22001577a 4500 | ||
|---|---|---|---|
| 003 | SGT | ||
| 020 | _a978-93-85999-74-1 | ||
| 082 |
_a615.015 _bB16V |
||
| 100 | _aVASUDEVAN, DM | ||
| 245 | _aTEXT BOOK OF BIOCHEMISTRY FOR MEDICAL STUDENTS | ||
| 250 | _a8TH | ||
| 260 |
_aDELHI _bHEALTH SCIENCE _c2016 |
||
| 300 | _a718 | ||
| 650 | _aBIOCHEMISTRY | ||
| 942 |
_2ddc _cBK _04 |
||
| 999 |
_c9631 _d9631 |
||